| 000 | 00863nam a22002415a 4500 | ||
|---|---|---|---|
| 008 | 161120t2016 xxua|||fr|||| 001 0 eng d | ||
| 020 | _a9781628924701 | ||
| 040 |
_aEG-ScBUE _beng _cEG-ScBUE |
||
| 082 | 0 | 4 |
_222 _a658.4094 _bNIX |
| 245 | 1 | 0 |
_aStrategic design thinking : _binnovation in products, services, experiences and beyond / _cNatalie W. Nixon, [editor.] |
| 260 |
_aNew York : _bFairchild Books, An imprint of Bloomsbury Publishing Inc., _c2016. |
||
| 300 |
_axix, 244 p. : _bill. ; _c25 cm. |
||
| 500 | _aIndex : p. 239-244. | ||
| 500 | _aConclusion: p. 235-237. | ||
| 590 | _aSuzan Ashmawy | ||
| 650 | 7 |
_2BUEsh _aOrganizational change |
|
| 650 | 7 |
_2BUEsh _aCreative ability in business |
|
| 650 | 7 |
_2BUEsh _aCreative thinking _97850 |
|
| 651 | _2BUEsh | ||
| 653 |
_bBUSECO _cNovember2016 |
||
| 700 | 1 |
_aNixon, Natalie W. _eeditor. |
|
| 942 | _2ddc | ||
| 999 |
_c23204 _d23176 |
||